000 00618nam a2200193Ii 4500
003 JO-AjNU
008 230605s9999||||xx |||||||||||||| ||und||
040 _aJO-AjNU
_bara
_erda
_cJO-AjNU
041 _aara
050 1 4 _aQE651.M87 1982
100 3 _aمعطي، يخائيل ,
_eauthor
_938751
245 0 0 _aالستراتغرافيا او الجيولوجيا الطبقية
264 3 1 _aدمشق:مكتبة الجاحظ ، 1982
300 _a392ص
336 _atext
_btxt
_2rdacontent
337 _aunmediated
_bn
_2rdamedia
338 _avolume
_bnc
_2rdacarrier
650 4 _aالستراتغرافيا
_938752
999 _aA16307
_c19875
_d19875